000 00389nam a2200121Ia 4500
008 220214s9999 xx 000 0 und d
100 _aGray John C
245 0 _aSynthesis of small subunit of ribulose 1, 5-bisphosphate carboxylase in the French bean phaseolus vulgaris
260 _bEuropean Journal of Biochemistry
_c1974
300 _a491-500
700 _aKekwick Roy G O
942 _cRE
999 _c45963
_d45963